| 000 | 01148nam a2200265Ia 4500 | ||
|---|---|---|---|
| 003 | OSt | ||
| 005 | 20221005105754.0 | ||
| 006 | a|||||r|||| 00| 0 | ||
| 007 | ta | ||
| 008 | 221004b |||||||| |||| 00| 0 hin d | ||
| 020 |
_a9788173093449 (pbk) _c250 |
||
| 024 | _a13966 | ||
| 037 |
_b1136, 20/03/2014, Anamika Publishers & Distributors Pvt. Ltd. _cTextual |
||
| 040 |
_aCRL _cCRL _bhin |
||
| 041 |
_2hin _ahin |
||
| 082 | _aV2:51.N5, 152Q1 | ||
| 100 |
_aविद्यावाचस्पति, इन्द्र _9162489 |
||
| 245 | 0 | _aभारतीय स्वाधीनता - संग्राम का इतिहास | |
| 246 | _aBhāratīya swādhīnatā - sangrām kā itihāsa | ||
| 260 |
_aनई दिल्ली _bसस्ता साहित्य मण्डल प्रकाशन भारत _c2011 |
||
| 300 |
_a449पृ0 _ccm. |
||
| 650 | _aविश्व-इतिहास | ||
| 942 |
_hV2:51.N5, 152Q1 _cTEXL _2cc |
||
| 999 |
_c1016859 _d1016859 |
||